Philosophy and Ethics/ (Record no. 35794)
[ view plain ]
| 000 -LEADER | |
|---|---|
| fixed length control field | 00552nam a22001817a 4500 |
| 005 - DATE AND TIME OF LATEST TRANSACTION | |
| control field | 20240521085820.0 |
| 008 - FIXED-LENGTH DATA ELEMENTS--GENERAL INFORMATION | |
| fixed length control field | 240521b |||||||| |||| 00| 0 eng d |
| 020 ## - INTERNATIONAL STANDARD BOOK NUMBER | |
| ISBN | 978-1-921965-93-7 |
| 082 ## - DEWEY DECIMAL CLASSIFICATION NUMBER | |
| Classification number | 107 |
| Item number | MIL-P |
| 100 ## - MAIN ENTRY--AUTHOR | |
| Author Name | Millett; Stephan |
| 245 ## - TITLE STATEMENT | |
| Title | Philosophy and Ethics/ |
| Remainder of title | A resource for year 11 General/ |
| Statement of responsibility, etc. | Stephan Millett |
| 250 ## - EDITION STATEMENT | |
| Edition statement | 1st ed. |
| 260 ## - PUBLICATION, DISTRIBUTION, ETC. | |
| Place of Publication | Western Australia; |
| Name of publisher, distributor, etc. | Impact Publishing; |
| Date of publication, distribution, etc. | 2015 |
| 300 ## - PHYSICAL DESCRIPTION | |
| Pages | iv, 166 p.: |
| 650 ## - SUBJECT ADDED ENTRY--TOPICAL TERM | |
| Subject / Department | Philosophy and Psychology/Philosophy |
| 700 ## - ADDED ENTRY--PERSONAL NAME | |
| Personal name | Alan Tapper |
| 300 ## - PHYSICAL DESCRIPTION | |
| -- | ill.; |
| -- | 29.5 cm. |
| 952 ## - LOCATION AND ITEM INFORMATION (KOHA) | |
| -- | 0 |
| -- | 0 |
| 952 ## - LOCATION AND ITEM INFORMATION (KOHA) | |
| -- | 0 |
| -- | 0 |
| Lost status | Damaged status | Collection code | Permanent Location | Current Location | Shelving Location | Date acquired | Full Call Number | Accession No./Barcode | Date last seen | Copy number | item type | Koha item type |
|---|---|---|---|---|---|---|---|---|---|---|---|---|
| Medical /Allied Heath Science | Superior Information Resource Center (SIRC) Superior University - City Campus | Superior Information Resource Center (SIRC) Superior University - City Campus | Psychology | 05/21/2024 | 107 MIL-P 2015 | 14973 | 05/21/2024 | 1 | BOOK | BOOK | ||
| Medical /Allied Heath Science | Superior Information Resource Center (SIRC) Superior University - City Campus | Superior Information Resource Center (SIRC) Superior University - City Campus | Psychology | 05/21/2024 | 107 MIL-P 2015 | 14974 | 05/21/2024 | 2 | BOOK | BOOK |
